MDQL
is popping MORE tags! Check the
thread
!
Quizzes
Events
Quiz Creation
Community
Videos
Private Events
Remove Ads
Sign In
Join for FREE
Feedback
Dark Mode
Quiz Categories
Sports
Geography
Music
Movies
Television
Just For Fun
Miscellaneous
History
Literature
Language
Science
Gaming
Entertainment
Religion
Holiday
For Kids
Quiz Lab
Recent
Popular Today
Quiz Kudos Today
Editor Picks
Curator Picks
Quizzes by...
Day
Popularity
Type
Ratings
Length
Year
Community
Subscriptions
Recent Discussions
Orange Saloon
Badges
Playlists
Quests
Create
Leaderboards
Showdown
Live 5
Trivia Bingo
Activity
Puzzle Library
Sporcle Events
Private Events
Virtual Trivia
Globe League
Become a Host
Pub Owners
SporcleCon
Opinionation
Our Games
Videos
Blog
Mobile Apps
Partnerships
Remove Ads and Go Orange
Feedback
Movies
Disney
Marvel Cinematic Universe
Movie Resume
Movie Titles
Oscar
Actor
Actress
Director
Pixar
Role
Movie Quotes
Movie Characters
Box Office
Nominee
Best Picture
Star Wars
James Bond
Horror Movies
Movies
Disney
Marvel Cinematic Universe
Movie Resume
Movie Titles
Oscar
Actor
Actress
Director
Pixar
Role
Movie Quotes
Movie Characters
Box Office
Nominee
Best Picture
Star Wars
James Bond
Horror Movies
Random Quiz
Search Sporcle
×
Quiz Lab
Quiz Lab
Movies
Oscar
Select answers by clicking on text or image buttons
Select answers by clicking on text or image buttons
Clickable
Best Score? Go Orange.
The Oscar Went to... Stats
Can you pick the Best Picture Winners?
By
doggielover2579
20m
93 Questions
1,749 Plays
1,749 Plays
1,749 Plays
Comments
Comments
Give Quiz Kudos
Give Quiz Kudos
-
- Ratings
hide this ad
More Info
Replay
Link that replays current quiz
Next Quiz
Link to next quiz in quiz playlist
You Got
0%
They Got
Avg Score
46%
Avg Friend Score
Upgrade to see
Score Distribution
Jump to the score distribution portion of the page
Score
0/93
Timer
20:00
0
Plays Today
% Correct
12 Years a Slave
90.7%
A Beautiful Mind
82.2%
Birdman or: (The Unexpected Virtue of Ignorance)
81.1%
Moonlight
71.7%
Nomadland
70.1%
Spotlight
68.6%
Parasite
68.4%
American Beauty
68.3%
Argo
67.7%
The Shape of Water
65.5%
Amadeus
65.1%
Braveheart
64.6%
Green Book
63.8%
Annie Hall
62.8%
Ben-Hur
62.4%
All Quiet On The Western Front
61.1%
Chicago
59.7%
Casablanca
58.7%
All About Eve
58.4%
Dances with Wolves
57.9%
Chariots of Fire
56.7%
Forrest Gump
56.6%
Crash
56.2%
Gladiator
55.5%
Driving Miss Daisy
54.2%
Gone with the Wind
54%
The Godfather
53.7%
The Godfather Part II
52.9%
Gandhi
52.9%
A Man for All Seasons
52.9%
Around the World in 80 Days
52.6%
% Correct
Schindler's List
52.5%
Million Dollar Baby
52.2%
The Artist
52.1%
Kramer vs Kramer
51.9%
The Lord of the Rings: Return of the King
51.9%
The King's Speech
51.9%
Shakespeare in Love
51.6%
The English Patient
51.3%
Slumdog Millionaire
51.3%
The Hurt Locker
51.2%
One Flew Over the Cuckoo's Nest
50.7%
The Silence of the Lambs
50.7%
No Country for Old Men
50.7%
The Departed
50.6%
Titanic
49.8%
The Bridge on the River Kwai
49.2%
Rocky
49%
The Deer Hunter
48.9%
Lawrence of Arabia
48.3%
Out of Africa
48.3%
Platoon
48.3%
Rain Man
48.2%
The French Connection
48.1%
Patton
48.1%
All the King's Men
47.5%
Midnight Cowboy
46.8%
Ordinary People
46.7%
An American in Paris
46.5%
The Sound of Music
46.4%
West Side Story
46.3%
Unforgiven
45.9%
% Correct
How Green Was My Valley
45.9%
It Happened One Night
45.6%
The Apartment
45.5%
On the Waterfront
45.4%
From Here to Eternity
44.6%
Terms of Endearment
44.6%
In the Heat of the Night
44.5%
Hamlet
44.2%
Gigi
44.1%
Oliver!
43.8%
My Fair Lady
43.3%
The Last Emperor
43.3%
Grand Hotel
43.1%
The Sting
43.1%
Cimarron
42.8%
The Greatest Show on Earth
42.7%
The Best Years of Our Lives
41.7%
Wings
41.6%
Marty
40.8%
Rebecca
40.3%
Cavalcade
40.1%
Mutiny on the Bounty
38.8%
The Great Zeigfeld
38.7%
Mrs. Miniver
38.6%
Gentleman's Agreement
38.5%
Going My Way
38%
The Life of Emile Zola
36.6%
You Can't Take it with You
36.6%
Tom Jones
36.3%
The Lost Weekend
36.1%
The Broadway Melody
35.8%
Quiz Playlist
Details
Report
Send in Message
Add To Playlist
More Info:
Due to the data limit, I will only be showing 3 nominees of each year.
Clickable:
Select answers by clicking on text or image buttons
Last Updated: Apr 26, 2021
Quiz Scoreboard
CHALLENGE
Sign Up to Join the Scoreboard
Show All
Scores
Hide
Comments
May contain spoilers
Recently Published
1-10 Letter E Words III
by El_Dandy
Language
2m
Street Fighter Characters
by Artimus82
Gaming
60s
College Basketball Coaching Resumes
by pancakes188
Sports
9m
More to Explore
Quiz From the Vault
Featured Blog Post
Where Did the Easter Bunny Come From?
hide this ad
You Might Also Like...
Tags
Best Picture Quiz
Nominee Quiz
Oscar Quiz
nomination
Oscar Nominated
Today's Top Quizzes in Movies
Browse Movies
hide this ad
Today's Top Quizzes in Oscar
Browse Oscar
Top Contributed Quizzes in Movies
1
Pick 5 Posters: Directed by Spielberg
2
7-to-1: Pixar Characters
3
Hidden Star Wars Character II
4
Pick 5 Posters: Lowest-Rated Spielberg
5
Hidden Star Wars Character III
6
Sorting Actors
7
Sorting Actresses
8
Hidden Star Wars Character IV
9
Pick 5 Posters: Directed by Scorsese
10
Hidden Star Wars Character V
Explore More
Trending Topics
NBA
Marvel
Kpop
Disney
Crossword
Harry Potter
Anime
WWE
Country
NFL
The Office
Puzzle
Soccer
Song
Pokémon
hide this ad
More By:
doggielover2579
Quiz
Plays
Rating
Category
Featured
Created
The Oscar Went to...
1,749
3.56
Movies
Mar 11, 2013
Hot/Cold States
855
3.82
Geography
Mar 13, 2013
I'm Blue Lyrics
499
2.83
Music
Apr 24, 2011
Cut Scenes from Disney Movies
391
4.00
Movies
Dec 5, 2015
Oscars Grab Bag Countdown
391
4.75
Movies
Feb 22, 2014
Go to Creator's Profile
Score Distribution
Quiz Creator Spotlight
doggielover2579
Follow
Send a Message
Quizzes Created
-
Created Quiz Play Count
-
More By This Creator
Popular Quizzes Today
1
Find the US States - No Outlines Minefield
2
Find the Countries of Europe - No Outlines Minefield
3
The Countries of the World
4
Find the US States
5
Risky Map Clicking: Biggest States A-Z
6
US States
7
Popular People in 1961
8
Movies - When Are They Set?
More Movies Quizzes
Match Game: 1990s Best Pictures
Published
Trending Quizzes
Risky Map Clicking: Least Populous States A-Z
Billboard Blitz: Aretha Franklin
1-10 Letter G Words
Countries of the World: 200 Million BC
1-10 Letter F Words
Recently Updated
Leaping Animals
pecheneg
Reality TV Shows (A-Z)
bhenderson79
Rickey Henderson's Hall of Fame Teammates
pecheneg
Champions League XIs: Arsenal
pecheneg
Quick Pick: Celebrities in WWE's Hall of Fame
aduchscher
A-Z Keypad Blitz II
pecheneg
Multiple Oscar Actors
pecheneg
Mystery Phrase Blitz: Oscar 'Best Actors'
pecheneg
F. Scott Fitzgerald Novels
LTH
Pick 3 Villains
ddd62291
Trending Topics
Marvel
Disney
NBA
Anime
Crossword
Kpop
Harry Potter
Soccer
WWE
Country
The Office
Pokémon
Puzzle
Song
NFL
Your Account Isn't Verified!
In order to create a playlist on Sporcle, you need to verify the email address you used during registration. Go to your
Sporcle Settings
to finish the process.
Report this User
Report this user for behavior that violates our
Community Guidelines
.
Details:
Send Report
Go to the Sporcle.com Mobile Site →
Comments